Οργάνωση του τμήματος πωλήσεων και ανάλυση δύο τμημάτων πωλήσεων σε δύο βιομηχανικές μονάδες : πτυχιακή εργασία

Αποθηκεύτηκε σε:
Λεπτομέρειες βιβλιογραφικής εγγραφής
Κύριος συγγραφέας: Χατζηβασιλείου, Νίκος
Συγγραφή απο Οργανισμό/Αρχή: Πανεπιστήμιο Αιγαίου Σχολή Επιστημών της Διοίκησης Τμήμα Διοίκησης Επιχειρήσεων - Τ.Δ.Ε
Άλλοι συγγραφείς: Λυμπερόπουλος, Κωνσταντίνος Χ., 1946- (Εισηγητής διατριβής), Χρήστου, Ευάγγελος Σ. (Εισηγητής διατριβής)
Μορφή: Thesis Βιβλίο
Γλώσσα:Greek
Δημοσίευση: 2005
Θέματα:
Ετικέτες: Προσθήκη ετικέτας
Δεν υπάρχουν, Καταχωρήστε ετικέτα πρώτοι!

MARC

LEADER 00000cam a2200000 i 4500
001 1/25860
008 060309s2005 gre d
035 |l 10083017 
040 |a GR-MY-UA  |b gre  |e aacr 
041 0 |a gre 
082 0 |a 658.81  |2 (22) 
100 1 |a Χατζηβασιλείου, Νίκος. 
245 1 0 |a Οργάνωση του τμήματος πωλήσεων και ανάλυση δύο τμημάτων πωλήσεων σε δύο βιομηχανικές μονάδες :  |b πτυχιακή εργασία /  |c Χατζηβασιλείου Νίκος ; επιβλέποντες Κ. Λυμπερόπουλος, Ε. Χρήστου 
260 |c 2005 
300 |a 100 σ.;  |b πίν.;  |c 30 εκ. 
502 # # |a Πτυχιακή εργασία – Πανεπιστήμιο Αιγαίου, Χίος, 2005. 
504 |a Περιλαμβάνει βιβλιογραφία 
610 2 0 |a Πανεπιστήμιο Αιγαίου. 
650 0 0 |a Sales management. 
650 0 0 |a Selling  |x Study and teaching. 
650 0 0 |a Dissertations, Academic  |z Greece. 
700 1 |a Λυμπερόπουλος, Κωνσταντίνος Χ.,   |d 1946-  |4 ths 
700 1 |4 ths  |a Χρήστου, Ευάγγελος Σ. 
710 1 |a Πανεπιστήμιο Αιγαίου  |b Σχολή Επιστημών της Διοίκησης  |b Τμήμα Διοίκησης Επιχειρήσεων - Τ.Δ.Ε. 
852 |a INST  |b CHIOS  |c DIATR  |e 20060309  |h 658.81 XAT  |p 005200024158  |q 005200024158  |t DIE  |y 23 
852 |a INST  |b CHIOS  |c DIATR  |e 20060309  |h 658.81 XAT  |p 005200024159  |q 005200024159  |t DIE  |y 23 
901 |a BIBL2-2006-1 
909 |a Χ  |b 120005 
909 |a Χ  |b 120006 
924 |a ΧΑΤΖΗΒΑΣΙΛΕΙΟΥ  |b ΝΙΚΟΣ  |y ΧΙΟΣ  |z 2005-12 
970 |a ΒΑΣΙΛΑΚΗ  |b ΝΙΚΗ  |z 2006/03/09